Al-Fe Phase Diagram

Este es un diagrama binario de fases interactivo para el sistema aluminio-hierro. Se asume que el usuario posee alguna familiaridad con este tipo de diagramas. Este debe mover el cursor sobre el diagrama para determinar las coordenadas. Las temperaturas estǹ dadas en ʻC, ʻF y K.

Salvato in:
Dettagli Bibliografici
Altri autori: Green Andrew, CORE-Materials
Natura: Libro
Lingua:inglese
Soggetti:
Accesso online:Al-Fe Phase Diagram
Tags: Aggiungi Tag
Nessun Tag, puoi essere il primo ad aggiungerne!!

MARC

LEADER 00000nam a22000004a 4500
001 vpro10314
005 20201223000000.0
008 160722s2016 ck # g## #001 0#eng#d
020
022
040 |a CO-BoINGC 
041 0 |a eng 
245 1 0 |a Al-Fe Phase Diagram 
246 |a Diagrama de fases Al-Fe 
264 |a Bogot ̀(Colombia) :  |b Revista VirtualPRO,  |c 2016 
520 3 |a Este es un diagrama binario de fases interactivo para el sistema aluminio-hierro. Se asume que el usuario posee alguna familiaridad con este tipo de diagramas. Este debe mover el cursor sobre el diagrama para determinar las coordenadas. Las temperaturas estǹ dadas en ʻC, ʻF y K. 
650 \ \ |a TecnologƯ̕a de los materiales 
650 \ \ |a Materiales 
650 \ \ |a Materials engineering 
650 \ \ |a Materials 
650 \ \ |a ciencia de materiales 
650 \ \ |a  aluminio 
650 \ \ |a hierro 
650 \ \ |a diagrama binario de fases 
650 \ \ |a materials science 
650 \ \ |a aluminium 
650 \ \ |a iron 
650 \ \ |a binary phase diagram  
700 \ \ |a Green Andrew  
700 \ \ |a CORE-Materials 
856 |z Al-Fe Phase Diagram  |u https://virtualpro.unach.elogim.com/biblioteca/diagrama-de-fases-al-fe